000 00603cam a22002053a 4500
001 42068
003 PGUSA
005 20140828083941.0
008 130211s2013||||xxu|||||s|||||000 | eng d
040 _aPGUSA
_beng
042 _adc
100 1 _aChambers, Charles Haddon
245 1 4 _aThe Tyranny of Tears :
_bA Comedy in Four Acts
_h[electronic resource] /
_cCharles Haddon Chambers
260 _bProject Gutenberg,
_c2013
506 _aPublic domain in the USA.
516 _aElectronic text
830 0 _aProject Gutenberg
_v42068
856 4 0 _uhttp://www.gutenberg.org/ebooks/42068
942 _cEB
999 _c271320
_d271320